Les précurseurs du Nouvel Hollywood - Statistics

General Stats
  • This quiz has been taken 3 times
  • The average score is 6 of 12
Answer Stats
Les précurseurs Answer % Correct
Cassavetes 1970 Husbands
100%
Cassavetes 1959 Shadows
100%
Cassavetes 1980 Gloria
67%
Mekas, 1976 Lost, lost, lost
67%
Mekas 1979 Paradise not yet lost
67%
Mekas 1968 Walden
67%
Cassavetes 1968 Faces
33%
Mekas 1961 Gun of the tree
33%
Cassavetes 1971 Minnie and Moskowitz
33%
Mekas 1972 Reminiscences of a journey to Lithuania
33%
Cassavetes 1974 A woman under the influence
0%
Mekas 1964 The brig
0%
No matching quizzes found
Score Distribution
Percent of People with Each Score
Percentile by Number Answered
Your Score History
You have not taken this quiz